Bugs ! / (Record no. 3496)

MARC details
000 -LEADER
fixed length control field 00866cam a22002654a 4500
005 - DATE AND TIME OF LATEST TRANSACTION
control field 20240313133952.0
020 ## - INTERNATIONAL STANDARD BOOK NUMBER
International Standard Book Number 0516238906
040 ## - CATALOGING SOURCE
Original cataloging agency DLC
Transcribing agency DLC
Modifying agency DLC
Language of cataloging eng
050 00 - LIBRARY OF CONGRESS CALL NUMBER
Classification number PZ7.M478693
082 00 - DEWEY DECIMAL CLASSIFICATION NUMBER
Classification number 813.54
100 ## - MAIN ENTRY--PERSONAL NAME
Personal name Patricia
245 00 - TITLE STATEMENT
Title Bugs ! /
Statement of responsibility, etc. by Paticia and Fredrick McKissack ; illustrated by Mike Cressy
250 ## - EDITION STATEMENT
Edition statement First Scholastic printing , November 2001
260 ## - PUBLICATION, DISTRIBUTION, ETC.
Place of publication, distribution, etc. New York :
Name of publisher, distributor, etc. Scholastic ,
Date of publication, distribution, etc. 2000
300 ## - PHYSICAL DESCRIPTION
Extent 31 pages :
Other physical details color illustrations ;
Dimensions 19 cm .
490 ## - SERIES STATEMENT
Series statement Rookie reader
Volume/sequential designation Level B
505 ## - FORMATTED CONTENTS NOTE
Formatted contents note C <br/>
520 ## - SUMMARY, ETC.
Summary, etc. Simple text and illustrations of a variety of insects introduce the numbers one through five.
521 ## - TARGET AUDIENCE NOTE
Target audience note 110 <br/>
Source Lexile <br/>
521 ## - TARGET AUDIENCE NOTE
Target audience note C <br/>
Source Raz-Plus <br/>
650 #0 - SUBJECT ADDED ENTRY--TOPICAL TERM
Topical term or geographic name entry element Insects
Form subdivision Juvenile literature
906 ## - LOCAL DATA ELEMENT F, LDF (RLIN)
a 7
b cbc
c orignew
d 1
e ecip
f 20
g y-gencatlg
942 ## - ADDED ENTRY ELEMENTS (KOHA)
Source of classification or shelving scheme Dewey Decimal Classification
Koha item type Books
Suppress in OPAC No
999 ## -
-- 3496
-- 3496
Holdings
Withdrawn status Lost status Source of classification or shelving scheme Damaged status Not for loan Collection Home library Current library Shelving location Date acquired Total Checkouts Full call number Barcode Date last seen Date last checked out Price effective from Koha item type
    Dewey Decimal Classification     Juvenile Fiction Footprints International School Library Network Toul Kork Campus Footprints International School Library Network Toul Kork Campus   03/13/2024 1 PAT 813.54 PZ7.M478693 FISTK03234 07/24/2025 06/30/2025 03/13/2024 Books